[Event "HCL-B197"]
[Site "www.playchess.de"]
[Date "2001.03.05"]
[Round "4"]
[White "jabbaman"]
[Black "Capablancanot"]
[WhiteElo "1282"]
[BlackElo "1712"]
[PlyCount "58"]
[Result "0-1"]

1.e4 {Howdy from Victoria, BC!}  c5 {Howdy back at 
you from Bakersfield, CA...Have a fun game!!!}  
2.f4 e6 {What's this? An interesting opening if I 
may say!}  3.Nf3 {I can't remember what it's 
called but Canadian chess champion Peter Biasys 
used to use it!}  d6 {Okay...I trust I'll be 
thoroughly trounced as I can't find it anywhere in 
my opening books.}  4.Bc4 {Really?! H= plaid 
several games in the 74/75 Olypics?}  Nf6 {I've 
only been playing 3 years. I'm not THAT well 
read.}  5.Nc3 {This should b a fun game!!!}  Nbd7 
{For you. For me it'll be damn scarry.}  6.O-O a6 
7.a4 Be7 8.d4 cxd4 9.Nxd4 e5 10.fxe5 Nxe5 11.Bb3 
{It's a beautiful Sunday!}  O-O {It's raining 
here. But we need it...So we're gardening in the 
rain!}  12.Nf5 {What season is it?}  Bxf5 {US is 
Western Hemisphere like you...it's winter. 
Bakersfield never snows though.}  13.exf5 h6 {I 
love to ski. So I live in the wrong place.}  
14.Bf4 Re8 15.Nd5 {Lots of skiing here!}  Rc8 
{Yeah...Go ahead and rub it in. You Canadians have 
everything the US has AND a prettier country.}  
16.g3 {we ae very lucky! I lived in a little 
costal town called Lompoc - ever heard of it?}  
Nxd5 {I've heard of Lompoc, California, but not 
Canada. Atlantic coast?}  17.Qxd5 {Yes Califonia. 
I spent 2 years there as a guest of Club Fed!}  
Qb6+ {Wow. That's great. The beaches in the area 
are great! I have a condo at Mammoth Mtn. where I 
ski.}  18.Kh1 {We have some great fresh water 
lakes and some very natural beaches-no real sandy 
ones.}  Rc5 {Yeah, and you have the beautiful 
forests...NO DESERTS. Great country!}  19.Qd2 
{great till it's tax time!}  Nc4 {Really? What's 
the income tax rate there? I pay 32% In Germany 
it's 50%.}  20.Bxc4 {About 42% plus 14% when you 
buy most things. Good move!}  Rxc4 {Let's play a 
little further. I'm getting hounded by people for 
taking early draws. It looks like one}  21.c3 {No 
problem!}  Qc6+ {Thanks for understanding. If you 
come to California again. You can stay at my Condo 
in Mammoth!}  22.Qg2 {Here's one for you - I'm 
moving to LA sometime soon!! It would be great to 
have Mammoth for a stay .}  Re4 {You give me the 
dates. Fishing in Mammoth is fantastic. My father 
can show you the best spots}  23.Rad1 {I was 
thinking of you fishing here! the salmon are on 
big this year.}  d5 {I'd love to catch a salmon. 
What a great experience that must be. You're 
on...When is the season?}  24.Rd3 {I'm thinking 
the end of August or early September. That's when 
I'll come back from LA and when the f}  Bf6 {I've 
only fished for trout, but I'm going!}  25.Rdf3 
{The fun part is when you don't catch fish you 
ususlly see whales  right up to the boat! They're 
big}  d4 {Ocean fishing? WOW! Sounds Great!}  
26.cxd4 {Ocean fishing of Sooke is something to 
behold. A great way to see nature and enjoy 
someones company!}  Bxd4 {Or get sea sick. I look 
forward to it.}  27.Rb3 {rook 2e is looking very 
strong, eh?}  R4e1 {No. I don't get anything for 
the Queen trade. But Re1 gets a bit more.}  
28.Rbf3 {Okay! I missed this line!}  R8e2 {I spent 
2 hours finding this. I'd have lost on time in 
over the board chess.}  29.Qxe2 {Well done - I'll 
keep in touch via email!}  Rxe2 {Thanks. Please 
do...I also have a possible fun thing for you. 
I'll send it via E-Mail soon}  0-1

[Event "HCL-B196"]
[Site "www.playchess.de"]
[Date "2001.03.05"]
[Round "21"]
[White "Pelikan"]
[Black "sonnygarcia"]
[WhiteElo "1443"]
[BlackElo "1134"]
[PlyCount "21"]
[Result "1-0"]

1.e4 e6 2.d4 b6 3.Bd3 Bb7 4.Ne2 c5 5.O-O c4 {It 
cannot be transposed into the sicilian defense.}  
6.Bxc4 Bxe4 7.Ng3 d5 8.Nxe4 dxc4 9.Qf3 Nd7 10.Bg5 
Be7 11.Nd6+ 1-0

[Event "HCL-B203"]
[Site "www.playchess.de"]
[Date "2001.03.05"]
[Round "20"]
[White "O_Man"]
[Black "chucaniam"]
[WhiteElo "1103"]
[BlackElo "1500"]
[PlyCount "31"]
[Result "1-0"]

1.e4 e5 2.Nf3 Nc6 3.d4 exd4 4.Nxd4 Bc5 5.Nxc6 Qf6 
6.Be3 Bxe3 7.fxe3 Qxc6 8.Nc3 Nf6 9.Bd3 O-O 10.e5 
d5 11.exf6 Qxf6 12.Nxd5 Qd6 13.Nf4 Re8 14.Qf3 Qd4 
15.O-O-O Rxe3 16.Bxh7+ 1-0

[Event "HCL-B205"]
[Site "www.playchess.de"]
[Date "2001.03.05"]
[Round "5"]
[White "pfff5"]
[Black "dakini"]
[WhiteElo "1500"]
[BlackElo "1146"]
[PlyCount "87"]
[Result "1-0"]

1.e4 e6 2.Nc3 Bb4 3.a3 Bxc3 4.bxc3 d5 5.e5 Nc6 
6.d4 a6 7.Nf3 h6 8.Bd3 Nge7 9.O-O Na5 10.a4 Nc4 
11.a5 c6 12.Bxc4 dxc4 13.Nd2 Nd5 14.Bb2 O-O 
15.Nxc4 b5 16.Nd6 f6 17.Ba3 Nxc3 18.Qd3 Nd5 
19.Nxc8 Rxc8 20.Bxf8 Qxf8 21.Qa3 Qxa3 22.Rxa3 c5 
23.c3 b4 24.cxb4 cxb4 25.Rb3 fxe5 26.dxe5 Rc3 
27.Rxc3 bxc3 28.Rc1 Kf7 29.f4 g5 30.fxg5 hxg5 
31.Kf2 Kg6 32.g4 Kh6 33.Kf3 Kg6 34.Ke4 Kf7 35.Kd4 
Ke7 36.Kc5 Ne3 37.h3 Nd5 38.Kc6 Kd8 39.Kb7 Kd7 
40.Kxa6 Kc6 41.Ka7 Kb5 42.h4 gxh4 43.g5 h3 
44.g6 1-0

[Event "ACL-A106"]
[Site "www.playchess.de"]
[Date "2001.03.05"]
[Round "7"]
[White "foxzy"]
[Black "Venezuela"]
[WhiteElo "1267"]
[BlackElo "1500"]
[PlyCount "45"]
[Result "1-0"]

1.d4 d5 {Good Luck!}  2.c4 {I'm a biginner. 
Thanks.}  Nc6 {So am I, how long are you going to 
be on line?}  3.cxd5 {About 30 minutes.}  Qxd5 
{Good, so we can make a few moves.}  4.e3 e5 {What 
time is it there now? and what date?}  5.Nc3 Qd7 
{What time is it in China now?}  6.Bb5 exd4 7.exd4 
{Sorry, I'm in Princeton, USA now.}  a6 {I am in 
Jacksonville, Florida.}  8.Qa4 {Florida Univ. is 
in your town, right?}  Nge7 {N0, FSU is in 
Talahasse, in jacksonville is UNF.}  9.Be3 {Sorry, 
I'm not sure. You must be right.}  b6 {Are you in 
California?}  10.d5 {No, I'm in Princeton 
University, New Jersey.}  axb5 {That was a good 
one.}  11.Qxa8 {Good morning!}  Na5 12.b3 g6 
13.Bd4 Rg8 14.Nf3 Bg7 15.Bxg7 Rxg7 16.O-O Rg8 
17.Ne5 Qf5 18.Rae1 f6 19.Nc6 Naxc6 20.Qxc6+ Bd7 
21.Qxc7 Qg5 22.Ne4 Qf5 23.Nd6+ 1-0

[Event "ACL-A106"]
[Site "www.playchess.de"]
[Date "2001.03.05"]
[Round "10"]
[White "chessnut"]
[Black "foxzy"]
[WhiteElo "1701"]
[BlackElo "1267"]
[PlyCount "43"]
[Result "1-0"]

1.c4 e5 2.g3 Nf6 3.Bg2 c6 4.d4 exd4 5.Qxd4 d5 
6.cxd5 cxd5 7.Nf3 Nc6 8.Qa4 Bc5 9.O-O O-O 10.Bg5 
Be7 11.Nc3 a6 12.Rfd1 Be6 13.e4 b5 14.Qc2 Qa5 
15.exd5 Bxd5 16.Nxd5 Nxd5 17.Qxc6 Bxg5 18.Nxg5 Nc7 
19.Rd7 Rac8 20.Nxf7 Rxf7 21.Rxf7 Kxf7 
22.Qd7+ 1-0

[Event "ACL-A110"]
[Site "www.playchess.de"]
[Date "2001.03.05"]
[Round "7"]
[White "flywheel"]
[Black "Edik"]
[WhiteElo "1500"]
[BlackElo "1750"]
[PlyCount "38"]
[Result "0-1"]

1.d4 Nf6 2.Bg5 Ne4 3.Nf3 Nxg5 4.Nxg5 e5 5.d5 Qxg5 
6.e4 Bc5 7.Qf3 Qc1+ 8.Qd1 Bxf2+ 9.Kxf2 Qxd1 10.g4 
Qxc2+ 11.Be2 Qxb2 12.Nc3 Qxc3 13.Rhc1 Qd4+ 14.Kf3 
c6 15.dxc6 dxc6 16.g5 h6 17.g6 fxg6 18.Rcd1 O-O+ 
19.Kg3 Qf2+ 0-1

[Event "HCL-B208"]
[Site "www.playchess.de"]
[Date "2001.03.05"]
[Round "7"]
[White "deadeasy"]
[Black "Translightor"]
[WhiteElo "1929"]
[BlackElo "1465"]
[PlyCount "33"]
[Result "1/2-1/2"]

1.e4 {hello again. it seems unfair that i get the 
white side again}  c5 {Hi. As a compensation I 
have white against most of the other guys.}  2.Nf3 
e6 3.d4 cxd4 4.Nxd4 a6 {This is a line that I know 
better than Blackmar-Diemer-Gambit!}  5.Bd3 {i 
know nothing about sicilian b or w. have decided i 
will learn, and am playing both sides here.}  b5 
{Internet chess is a good opportunity to learn 
openings, because you can look your moves up in 
books.}  6.O-O {the way i learn is to study 
slowly, like this, then play lots of 3 0 on icc}  
Bb7 {I'm focusing my internet activities on 
PlayChess. Meanwhile, I've 60 games running here!} 
 7.a4 {cant cope with that number}  b4 {But I 
don't have a correspondence chess mentality. I 
almost never take more than 5 min. for a move.}  
8.Nd2 {i did notice that we are both playing very 
dif sicilians against toilet yet he has  the same 
setup.}  Be7 {That's strange - I mostly play the 
same setup with the sicilian, regardless of what 
White moves.}  9.e5 d6 10.Qg4 {i never realised 
that was feasible in the sicilian. i know kings 
indian / pirc players do that.}  dxe5 {We're in 
rough waters now.}  11.Nxe6 {i think i am forced 
to speculate here, anything else looks awful for 
me. i admit to planning Qg7??}  fxe6 {You are 
speculating, and I'm fearing the worst. With the 
king trapped in the centre...}  12.Qxg7 Qd5 {I 
hope that this is a little less disastrous than 
Bf6 14.Qxb7.}  13.Be4 {is that disasterous? i 
first thought i blundered with Qg4, moves since 
have been forced = no thought}  Bf6 14.Qxb7 Qxb7 
{That's what I expected. I reckon it's easier to 
consolidate when your queen has gone.}  15.Bxb7 {i 
reckon your right, i think i finish one pawn up 
but the position is pretty wild.}  Ra7 16.Bf3 h5 
{See my reply to your mail. I don't feel that I 
have the right to offer a draw, but if YOU wish 
to...}  17.Ne4 1/2-1/2

[Event "HCL-A094"]
[Site "www.playchess.de"]
[Date "2001.03.05"]
[Round "18"]
[White "easykiller"]
[Black "anne_t"]
[WhiteElo "1700"]
[BlackElo "1700"]
[PlyCount "39"]
[Result "1-0"]

1.d4 {Hi from Bratislava}  d5 {Hello, i am Anne, 
18 year from the netherlands, have a nice match}  
2.Nf3 Nc6 3.g3 Bg4 4.Bg2 h6 5.O-O Nf6 6.b3 Qd7 
7.Bb2 a6 8.Nbd2 g6 9.c4 Be6 10.e3 Bg4 11.a3 Ne4 
12.cxd5 Qxd5 13.Qc2 Nxd2 14.Nxd2 Qxd4 15.Bxd4 Nxd4 
16.exd4 c6 17.Rfe1 Rc8 18.Nc4 Be6 {where the heck 
is my queen?}  19.Rxe6 fxe6 {i am sure u didnt 
took my queen so i refuse to go on. g'day to u}  
20.Qxg6+ 1-0

[Event "HCL-B210"]
[Site "www.playchess.de"]
[Date "2001.03.05"]
[Round "2"]
[White "runciter"]
[Black "patzer"]
[WhiteElo "1500"]
[BlackElo "1250"]
[PlyCount "30"]
[Result "1/2-1/2"]

1.d4 Nf6 2.c4 g6 3.Nc3 d5 4.cxd5 Nxd5 5.e4 Nxc3 
6.bxc3 Bg7 7.Nf3 c5 8.Rb1 O-O 9.Be2 cxd4 10.cxd4 
Qa5+ 11.Bd2 Qxa2 12.O-O Qe6 13.Qc2 Qc6 14.Bc4 Qd6 
15.Bb4 Qd8 1/2-1/2

[Event "HCL-B210"]
[Site "www.playchess.de"]
[Date "2001.03.05"]
[Round "3"]
[White "shepherd"]
[Black "runciter"]
[WhiteElo "1392"]
[BlackElo "1500"]
[PlyCount "24"]
[Result "0-1"]

1.e4 c5 2.Nf3 g6 3.d4 cxd4 4.Qxd4 Nf6 5.Bc4 Nc6 
6.Ne5 Qa5+ 7.Bd2 Qxe5 8.Qd5 Nxd5 {bru7mm}  9.Bxd5 
{oops.}  Qxb2 {kommt vor ;-) hab ich selber auch 
schon produziert}  10.Bc3 Qc1+ 11.Ke2 Qxh1 12.Bxh8 
f6 0-1

[Event "HCL-B221"]
[Site "www.playchess.de"]
[Date "2001.03.05"]
[Round "7"]
[White "ragadous"]
[Black "assmonkey"]
[WhiteElo "1400"]
[BlackElo "917"]
[PlyCount "47"]
[Result "1-0"]

1.d4 Nf6 {Good luck.}  2.c4 {good luck to you to}  
e6 {Which part of England are you from?}  3.Nf3 
{im not english im scottish !!}  d5 {Me too.  At 
least part of me is.  My grandmother was born in 
Glasgow.}  4.Nc3 Be7 {Shouldn't this site have a 
separate country for Scotland?}  5.Bg5 h6 6.Bh4 
Nc6 7.e3 O-O 8.Rc1 Bb4 9.Bd3 dxc4 10.Bxc4 b6 
11.O-O Bb7 12.Bd3 Re8 13.Ne4 Be7 14.Bxf6 Bxf6 
15.Nxf6+ Qxf6 16.Bb5 Rad8 17.Bxc6 Bxc6 18.Rxc6 Rd6 
19.Qc2 Rxc6 20.Qxc6 Qd8 21.Rc1 Re7 22.Ne5 f6 
23.Ng6 Rd7 24.Qxe6+ 1-0

[Event "HCL-A028"]
[Site "www.playchess.de"]
[Date "2001.03.06"]
[Round "17"]
[White "KingGeorge"]
[Black "cabe"]
[WhiteElo "1800"]
[BlackElo "1598"]
[PlyCount "87"]
[Result "1-0"]

1.d4 Nf6 2.c4 g6 3.Nc3 Bg7 4.e4 d6 5.f3 O-O 6.Be3 
e5 7.Nge2 Nc6 8.d5 Nb4 9.a3 Na6 10.Qd2 Nc5 11.Nc1 
Bd7 12.b4 Na4 13.Be2 Nxc3 14.Qxc3 Nh5 15.O-O Nf4 
16.c5 Nxe2+ 17.Nxe2 Bb5 18.Rf2 Qe8 19.Nc1 f5 
20.Rfa2 fxe4 21.a4 Bd7 22.fxe4 Bg4 23.Nd3 Qe7 
24.Rc1 g5 25.cxd6 cxd6 26.Qc7 Qxc7 27.Rxc7 Rf7 
28.Rxf7 Kxf7 29.Rc2 Rc8 30.Rxc8 Bxc8 31.Bxg5 Bd7 
32.a5 Bb5 33.Nb2 Bf6 34.Bxf6 Kxf6 35.Kf2 Kg5 
36.Kf3 h5 37.Nd1 Bd7 38.Ne3 Bg4+ 39.Nxg4 hxg4+ 
40.Kg3 a6 41.h3 gxh3 42.gxh3 Kg6 43.Kg4 Kf6 
44.Kh5 1-0

[Event "HCL-A036"]
[Site "www.playchess.de"]
[Date "2001.03.06"]
[Round "11"]
[White "NHD"]
[Black "mkluwe"]
[WhiteElo "1822"]
[BlackElo "2037"]
[PlyCount "78"]
[Result "1/2-1/2"]

1.e4 c5 2.Bc4 e6 3.Nf3 Nc6 4.O-O d6 5.d4 cxd4 
6.Nxd4 Nf6 7.Nc3 Be7 8.Re1 O-O 9.Be3 a6 10.a4 Qc7 
11.Bb3 Na5 12.Ba2 Nc4 13.Bxc4 Qxc4 14.a5 Bd7 
15.Qf3 Rfc8 16.Red1 Qb4 17.Ra2 Bd8 18.Bg5 h6 
19.Bh4 Rc4 20.Nce2 Rc7 21.c3 Qc5 22.Nc1 Qc4 23.Rd3 
Rac8 24.Ra1 d5 25.e5 Ne4 26.Bxd8 Rxd8 27.Qe3 Rdc8 
28.f3 Ng5 29.Rd1 Nh7 30.Nd3 Nf8 31.Ra3 Be8 32.Qe1 
Bb5 33.Qg3 Re7 34.f4 Bd7 35.Rd2 Ng6 36.b4 Kh7 
37.Nc5 Rc7 38.Ra1 Kg8 39.Rc2 Kh7 1/2-1/2

[Event "HCL-A040"]
[Site "www.playchess.de"]
[Date "2001.03.06"]
[Round "14"]
[White "Lu"]
[Black "vrad"]
[WhiteElo "1800"]
[BlackElo "1700"]
[PlyCount "111"]
[Result "1-0"]

1.e4 c6 2.d4 d5 3.exd5 cxd5 4.c4 Nf6 5.Nc3 Bg4 
6.Qb3 Nc6 7.cxd5 Na5 8.Qa4+ Bd7 9.Bb5 b6 10.Bxd7+ 
Qxd7 11.Qxd7+ Nxd7 12.Nb5 Kd8 13.Nf3 a6 14.Nc3 g6 
15.Ne5 Ke8 16.Nxd7 Kxd7 17.Na4 Rb8 18.Bf4 Rb7 
19.Rc1 e6 20.dxe6+ Kxe6 21.Rc7 Bb4+ 22.Ke2 Rxc7 
23.Bxc7 Rc8 24.Bxb6 Rc2+ 25.Kd1 Rd2+ 26.Kc1 Nc4 
27.a3 Bd6 28.Bc5 Bf4 29.g3 Bh6 30.f4 Re2 31.d5+ 
Kd7 32.b3 Nd2 33.Kd1 Rg2 34.Re1 Nxb3 35.Nb6+ Kd8 
36.Be7+ Kc7 37.Nc4 Bg7 38.Bd6+ Kd8 39.Re7 Bf8 
40.Rb7 Bxd6 41.Nxd6 Rd2+ 42.Ke1 Rxd5 43.Nxf7+ {Hi 
again! I wish you a very happy New Year and all 
the best for the future!}  Ke8 {Sorry for long 
delay}  44.Ne5 {Don't worry. I wasn't at home 
anyway, but now I've semester pause till end of 
March...}  Nd4 45.Rxh7 Nc2+ 46.Ke2 Nxa3 47.Rg7 Nb1 
48.Rxg6 a5 49.h4 a4 50.h5 a3 51.h6 Rd2+ 52.Ke3 
{You want to finish that game 'cause you move that 
fast now, eh?}  Rh2 53.Ra6 a2 54.Ng4 Rh3 55.Kf2 
Nc3 56.Kg2 1-0

[Event "HCL-A054"]
[Site "www.playchess.de"]
[Date "2001.03.06"]
[Round "26"]
[White "schlueter"]
[Black "Mathemagician"]
[WhiteElo "1492"]
[BlackElo "1586"]
[PlyCount "64"]
[Result "0-1"]

1.f4 e5 2.fxe5 d6 3.exd6 Bxd6 4.Nf3 g5 5.d4 g4 
6.Ne5 Bxe5 7.dxe5 Qxd1+ 8.Kxd1 Nc6 9.Bf4 Be6 10.e3 
O-O-O+ 11.Kc1 Nge7 12.Bb5 a6 13.Bxc6 Nxc6 14.e4 h5 
15.g3 Nd4 16.Nc3 Nf3 17.b3 Rd7 18.Kb2 h4 19.gxh4 
Rxh4 20.Rad1 Rh5 21.Rxd7 Kxd7 22.Rd1+ Kc8 23.Nd5 
c6 24.Nf6 Rh3 25.a4 Nxh2 26.Rg1 Nf3 27.Rg3 Rxg3 
28.Bxg3 Nd4 29.Nh5 b5 30.axb5 axb5 31.c3 Nxb3 
32.Ng7 Nd2 0-1

[Event "HCL-A056"]
[Site "www.playchess.de"]
[Date "2001.03.06"]
[Round "6"]
[White "Vitalee"]
[Black "Henk"]
[WhiteElo "1900"]
[BlackElo "1700"]
[PlyCount "78"]
[Result "1/2-1/2"]

1.e4 c5 2.c3 d6 3.d4 Nf6 4.Bd3 g6 5.Nf3 Bg7 6.O-O 
O-O 7.h3 Qc7 8.Re1 Rd8 9.Nbd2 Nbd7 10.Qe2 e5 
11.dxe5 Nxe5 12.Nc4 Nxd3 13.Qxd3 d5 14.exd5 Nxd5 
15.Bg5 Nf6 16.Qe2 Be6 17.Qe5 Qxe5 18.Ncxe5 h6 
19.Be3 Rac8 20.Rad1 Nd5 21.Bc1 Kh7 22.Rd3 Nb6 
23.Rxd8 Rxd8 24.b3 c4 25.Nd4 Bd5 26.Bf4 Re8 27.Re3 
Rc8 28.Bg3 a5 29.f3 a4 30.bxa4 Nxa4 31.Nb5 f6 
32.Ng4 h5 33.Nf2 f5 34.Re7 Kg8 35.Nd1 Bc6 36.Na7 
Rd8 37.Ne3 Nxc3 38.Nxc6 bxc6 39.Nxc4 
Rd1+ 1/2-1/2

[Event "HCL-A063"]
[Site "www.playchess.de"]
[Date "2001.03.06"]
[Round "3"]
[White "TheKnife"]
[Black "mrchess"]
[WhiteElo "1700"]
[BlackElo "1555"]
[PlyCount "53"]
[Result "1-0"]

1.e4 d6 2.d4 Nf6 3.Nc3 e5 4.f4 exd4 5.Qxd4 Nbd7 
6.Be3 Be7 7.O-O-O O-O 8.h3 c6 9.Nf3 
{daaristieweer!}  Qc7 {nog gewonnen gisteren?}  
10.g4 {ja gelukkig wel!}  h6 11.g5 hxg5 12.Nxg5 
Nh7 13.h4 Ndf6 14.Be2 Bg4 15.Rdg1 Bxe2 16.Nxe2 Ne8 
17.Nxh7 Kxh7 18.h5 {Ben je morgen van de partij? 
Fritz 6 is niet de originele ceedee, spreek je 
morgen}  Bf6 19.Qd3 {Gisteren remise, jij?}  Kh8 
{ik heb verloren, helaas}  20.h6 {daar istie dan 
eindelijk :-)}  g6 21.f5 g5 22.Bxg5 {prettige 
vakantie!}  Bxg5+ {bedankt en tot ziens}  23.Rxg5 
Nf6 24.h7 Rae8 {ik ben er weer, goeie vak gehad}  
25.Qg3 {welkom thuis! wat hebben jullie gedaan 
tegen n'kerk?}  Qd8 {4-4 gespeeld}  26.Rg8+ Rfxg8 
{hier ga ik weer de boot in}  27.hxg8R+ {%} 
 1-0

[Event "HCL-B082"]
[Site "www.playchess.de"]
[Date "2001.03.06"]
[Round "6"]
[White "Holte"]
[Black "lpratt71"]
[WhiteElo "1200"]
[BlackElo "1585"]
[PlyCount "50"]
[Result "0-1"]

1.d4 d5 2.e3 Nf6 3.h3 e6 4.Nf3 Be7 5.a3 O-O 6.Nc3 
c5 7.dxc5 Bxc5 8.Bd3 Nc6 9.Bb5 Bd7 10.Bxc6 bxc6 
11.O-O Qe7 12.Ne5 Rad8 13.Na4 Ne4 14.f3 Bxe3+ 
15.Bxe3 Ng3 16.Re1 c5 17.Bxc5 Qg5 18.Bxf8 Kxf8 
19.Nc5 Be8 20.Qd3 Rc8 21.Ned7+ Ke7 22.Qb5 d4 
23.Re5 Qg6 24.Rd1 Nf5 25.g4 Qf6 0-1

[Event "HCL-B087"]
[Site "www.playchess.de"]
[Date "2001.03.06"]
[Round "31"]
[White "ddddale"]
[Black "Hubble"]
[WhiteElo "1500"]
[BlackElo "1731"]
[PlyCount "90"]
[Result "0-1"]

1.d4 Nf6 2.Bg5 e6 3.e4 Be7 4.Bd3 d6 5.Nf3 Nc6 6.c3 
Bd7 7.Nbd2 O-O 8.O-O h6 9.Bf4 a6 10.Re1 Rc8 11.e5 
Nd5 12.exd6 cxd6 13.Bg3 b5 14.a3 Nb6 15.b3 Na5 
16.Rc1 Nd5 17.c4 bxc4 18.bxc4 Nb6 19.Qe2 Bc6 20.c5 
dxc5 21.dxc5 Bxf3 22.Qxf3 Bxc5 23.Qe4 g6 24.Nb1 
Qe7 25.Bxa6 Bxa3 26.Rxc8 Nxc8 27.Nxa3 Qxa3 28.Bxc8 
Rxc8 29.Qf4 Qc3 30.Rf1 Nb3 31.h3 Nd2 32.Rd1 Rd8 
33.Qa4 g5 34.h4 f5 35.hxg5 hxg5 36.Qa6 Nf3+ 
37.gxf3 Rxd1+ 38.Kg2 Kf7 39.Qb7+ Kg6 40.Qe7 Qf6 
41.Qe8+ Qf7 42.Qa4 Qd7 43.Qb3 Rd3 44.Qb8 Qd8 
45.Qe5 Qd5 0-1

[Event "HCL-B104"]
[Site "www.playchess.de"]
[Date "2001.03.06"]
[Round "19"]
[White "costajr"]
[Black "fadda"]
[WhiteElo "1421"]
[BlackElo "1500"]
[PlyCount "89"]
[Result "1-0"]

1.e4 e5 2.Nf3 Nc6 3.Bc4 Bc5 4.b4 Bxb4 5.c3 Bc5 
6.d4 exd4 7.O-O Nf6 8.cxd4 Na5 9.Bxf7+ Kxf7 
10.dxc5 Qe7 11.e5 Ne4 12.Ba3 c6 13.Re1 Nxc5 14.Qd2 
b6 15.Re4 Ke8 16.e6 d6 17.Bxc5 dxc5 18.Nc3 h6 
19.Rf4 b5 20.Rf7 Qxe6 21.Re1 Kxf7 22.Rxe6 Kxe6 
23.Qe3+ Kd6 24.Qf4+ Kd7 25.Ne5+ Ke6 26.Ng6 Re8 
27.Ne4 Nb7 28.Nf8+ Ke7 29.Ng6+ Ke6 30.Qe5+ Kf7 
31.Qh5 Kg8 32.Qf3 Nd6 33.Nd2 Bb7 34.h3 a5 35.Qf4 
Nf7 36.g4 Ng5 37.Kg2 a4 38.h4 Ne6 39.Qf5 c4 40.g5 
Nd4 41.Qg4 hxg5 42.Qxg5 Rad8 43.h5 c3 44.Ne4 c5 
45.f3 1-0

[Event "HCL-B122"]
[Site "www.playchess.de"]
[Date "2001.03.06"]
[Round "20"]
[White "Datum"]
[Black "Jeff_Foster"]
[WhiteElo "1200"]
[BlackElo "1231"]
[PlyCount "32"]
[Result "0-1"]

1.d4 d5 2.c4 e6 3.Nc3 Nf6 4.Bg5 Be7 5.e3 O-O 6.Nf3 
h6 7.Bxf6 Bxf6 8.Bd3 c6 9.O-O Nd7 10.Re1 dxc4 
11.Bxc4 Nb6 12.Qe2 Nxc4 13.Qxc4 Qb6 14.b3 Rd8 
15.Red1 Be7 16.Rd2 Qb4 0-1

[Event "HCL-B126"]
[Site "www.playchess.de"]
[Date "2001.03.06"]
[Round "31"]
[White "supadude"]
[Black "FreddyRick"]
[WhiteElo "1200"]
[BlackElo "1200"]
[PlyCount "38"]
[Result "0-1"]

1.e4 e5 2.Nf3 d6 3.Bc4 h6 4.c3 Be6 5.Bxe6 fxe6 
6.d4 Nc6 7.dxe5 dxe5 8.Qxd8+ Rxd8 9.O-O Nf6 
10.Nbd2 g5 11.h3 g4 12.hxg4 Nxg4 13.Nh2 h5 14.Nxg4 
hxg4 15.f3 g3 16.Re1 Bc5+ 17.Kf1 Bf2 18.Rd1 b5 
19.Ke2 Rh2 0-1

[Event "HCL-B126"]
[Site "www.playchess.de"]
[Date "2001.03.06"]
[Round "34"]
[White "Stephen21"]
[Black "supadude"]
[WhiteElo "1233"]
[BlackElo "1200"]
[PlyCount "43"]
[Result "1-0"]

1.Nf3 Nf6 2.Nc3 d5 3.d4 Nc6 4.Bg5 e6 5.Bxf6 Qxf6 
6.e3 Bd6 7.Bb5 Bd7 8.Qe2 a6 9.Bxc6 Bxc6 10.a3 Bd7 
11.b3 h6 12.Na4 Bxa4 13.bxa4 O-O 14.O-O Qe7 
15.Rab1 Rab8 16.Rb3 Bxa3 17.Ne5 Bd6 18.Rfb1 Bxe5 
19.dxe5 c6 20.Qd3 b5 21.axb5 Rxb5 
22.R3xb5 1-0

[Event "HCL-B127"]
[Site "www.playchess.de"]
[Date "2001.03.06"]
[Round "8"]
[White "CJL"]
[Black "lennin"]
[WhiteElo "1502"]
[BlackElo "1501"]
[PlyCount "59"]
[Result "1-0"]

1.e4 e5 2.Nf3 Nf6 3.Nxe5 d6 4.Nf3 Nxe4 5.d4 d5 
6.Bd3 Bd6 7.O-O O-O 8.Nc3 Nxc3 9.bxc3 c5 10.c4 
dxc4 11.Bxc4 Nc6 12.Be3 cxd4 13.Nxd4 Nxd4 14.Bxd4 
Qh4 15.g3 Qe4 16.Re1 Qc6 17.Qd3 Bh3 18.f3 Qc7 
19.Kf2 Rad8 20.Rad1 Bc5 21.c3 Rd6 22.Qe3 Rc6 
23.Bb3 Bxd4 24.cxd4 b6 25.d5 Rd6 26.Rdc1 Qd8 
27.Qe7 Rd7 28.Qxd8 Rfxd8 29.g4 h5 
30.Kg3 1-0

[Event "HCL-B135"]
[Site "www.playchess.de"]
[Date "2001.03.06"]
[Round "3"]
[White "jonte2"]
[Black "Romulus73"]
[WhiteElo "1581"]
[BlackElo "1835"]
[PlyCount "64"]
[Result "0-1"]

1.e4 e6 2.d4 d5 3.Nc3 Nf6 4.e5 Nfd7 5.Nf3 c5 6.Bb5 
a6 7.Bxd7+ Bxd7 8.O-O Nc6 9.Be3 cxd4 10.Bxd4 Be7 
11.Ne2 O-O 12.Qd2 {Välkommen tillbaks!! :-)}  Nxd4 
{Tack, ledsen att det tagit tid. Men siten var 
nere bra lange sa jag kollade inte den sa 
frekvent.}  13.Nexd4 {siten har varit ner 2gånger 
:-)}  Qb6 14.Rab1 Rac8 15.Rfd1 f6 16.Qd3 Be8 
17.exf6 Bxf6 18.Qe3 Bg6 19.Qe2 e5 20.Nxe5 Rfe8 
{Ser ut som pjäsvinst !}  21.Nd7 Qxd4 22.Rxd4 
{jepp, ser så ut.}  Rxe2 23.Nxf6+ gxf6 24.Rxd5 
Rcxc2 25.Rd8+ Kg7 26.Rd7+ Kh6 27.Rxb7 Rexf2 28.Rd1 
Rfxg2+ 29.Kf1 Rgxh2 30.Kg1 Be4 {Och nu är det ju 
nästan matt!}  31.Rxh7+ {ja det ser inte bra ut, 
make a draw???}  Kxh7 {Nope, but maybe next time 
!}  32.Rc1 {Ser ut som om du kan ta hem serie 
segern. lycka till :-)}  Rh1+ {Tja, jag ligger 
risigt till mot bade Tony och Deppenhaufer så vi 
får se}  0-1